00346nam a2200145Ia 4500008004100000020001500041041000800056082001900064100002000083245003200103250000600135260003800141300001200179650000900191210716s1989 xx 000 0 und d a8170291178 aeng a005.3001 CLAD aClark, David J. aWordstar instant reference. a1 aNew DelhibBPB Publicationsc1989 axvi,314 aNone